000 00315nam a2200121Ia 4500
008 240731s9999 xx 000 0 und d
022 _a2042-6453
245 0 _aInternational Wood Products Journal
260 _bTaylor & Francis
856 _uhttps://www.tandfonline.com/loi/ywpj20
942 _2ddc
942 _cTFEJ
999 _c77323
_d77323
945 _a1
_bMadushi Gamage
_c1
_dMadushi Gamage